Wybierz firmy z danego kraju - Statystyki

Ogólne statystyki
  • Ten quiz został rozwiązany 90 razy
  • Średni wynik to 14 z 16
Statystyki odpowiedzi
Zagadnienie Komórka Select % Poprawnych
Szwecja Tak
99%
Szwecja Nie
97%
Niemcy Nie
96%
Hiszpania Nie
96%
Francja Nie
96%
Francja Tak
95%
Niemcy Nie
94%
Niemcy Tak
94%
Francja Tak
91%
Francja Nie
91%
Szwecja Nie
90%
Hiszpania Tak
90%
Hiszpania Nie
81%
Niemcy Tak
80%
Hiszpania Tak
66%
Szwecja Tak
62%
Nie znaleziono quizów pasujących do podanych kryteriów
Rozkład punktacji
Procent ludzi z każdym wynikiem
Percentyl według liczby udzielonych odpowiedzi
Twoja historia wyników
Nie rozwiązałeś tego quizu